[Event "Koge Lang Jubilee Weekend Gr-3"]
[Site "Koge"]
[Date "2022.07.07"]
[Round "3"]
[White "Nielsen, Jorgen Kamp"]
[Black "Dyremose, Flemming"]
[Result "0-1"]
[WhiteElo "1685"]
[BlackElo "1638"]
[PlyCount "52"]
[EventDate "2022.07.06"]
[EventType "tourn"]
[EventRounds "9"]
[EventCountry "DEN"]
[SourceTitle "EXT 2024"]
[Source "ChessBase"]
[SourceDate "2023.10.10"]
[SourceVersion "1"]
[SourceVersionDate "2023.10.10"]
[SourceQuality "1"]

1. e4 c5 2. Nf3 d6 3. c3 a6 4. d4 cxd4 5. cxd4 e6 6. Nc3 g6 7. Bg5 Qd7 8. e5 d5 9. a3 h6 10. Be3 b5 11. b4 Bb7 12. Bd3 Nc6 13. h4 Nge7 14. g4 Nc8 15. Nd2 Nb6 16. f4 0-0-0 17. Nb3 Nc4 18. Bc1 Be7 19. Qf3 Kb8 20. Be3 Qc7 21. g5 Nxe3 22. Qxe3 Nxb4 23. Rc1 Nxd3+ 24. Qxd3 Qc4 25. Qc2 Bxa3 26. Rb1 Bb4 0-1

[Event "Sao Martinho do Porto op 1st"]
[Site "Sao Martinho do Porto"]
[Date "2018.09.16"]
[Round "3"]
[White "February, Jesse Nikki"]
[Black "Nielsen, Jorgen Kamp"]
[Result "1-0"]
[WhiteElo "1933"]
[BlackElo "1670"]
[PlyCount "97"]
[EventDate "2018.09.15"]
[EventType "swiss"]
[EventRounds "9"]
[EventCountry "POR"]
[SourceTitle "CBM 186 Extra"]
[Source "ChessBase"]
[SourceDate "2018.08.24"]
[SourceVersion "1"]
[SourceVersionDate "2018.08.24"]
[SourceQuality "1"]

1. e4 c5 2. Nf3 g6 3. d4 cxd4 4. Qxd4 Nf6 5. e5 Nc6 6. Qa4 Nd5 7. Qe4 Nc7 8. Be3 d5 9. exd6 Qxd6 10. Nd4 Qe5 11. Qxe5 Nxe5 12. Nc3 a6 13. Bf4 Bg7 14. 0-0-0 Ne6 15. Nd5 Kf8 16. Nxe6+ Bxe6 17. Nc7 Rc8 18. Nxe6+ fxe6 19. g3 Ng4 20. Rd2 e5 21. Bg5 h6 22. Bh3 hxg5 23. Bxg4 Rc6 24. h3 Kf7 25. Rhd1 b6 26. Kb1 Rb8 27. Bf3 Rf6 28. Bd5+ Ke8 29. f3 Rd6 30. Be4 Rxd2 31. Bxg6+ Kd8 32. Rxd2+ Kc7 33. c3 Rd8 34. Rxd8 Kxd8 35. Kc2 Bf6 36. Bd3 a5 37. Bc4 Kc7 38. Kb3 Kc6 39. Ka4 Kc5 40. Bf7 Kd6 41. Kb5 Kc7 42. Bd5 Kd6 43. Be4 Kc7 44. b4 axb4 45. cxb4 e6 46. a4 Kc8 47. a5 bxa5 48. bxa5 Kb8 49. a6 1-0

[Event "Helsingor Xtracon op"]
[Site "Helsingor"]
[Date "2018.07.25"]
[Round "6"]
[White "Nielsen, Jorgen Kamp"]
[Black "Hjornevik, Oyvind"]
[Result "1-0"]
[WhiteElo "1674"]
[BlackElo "1414"]
[PlyCount "37"]
[EventDate "2018.07.21"]
[EventType "swiss"]
[EventRounds "10"]
[EventCountry "DEN"]
[SourceTitle "CBM 185 Extra"]
[Source "ChessBase"]
[SourceDate "2018.07.29"]
[SourceVersion "1"]
[SourceVersionDate "2018.07.29"]
[SourceQuality "1"]

1. e4 e5 2. f4 d6 3. Bc4 Nc6 4. Ne2 Nf6 5. Nbc3 exf4 6. 0-0 Bg4 7. Rxf4 Nd4 8. h3 Bh5 9. g4 Nxe2+ 10. Qxe2 Bg6 11. h4 h5 12. g5 Ng4 13. d4 c6 14. Qf1 Qc7 15. Bd2 Be7 16. Bxf7+ Bxf7 17. Rxf7 d5 18. e5 c5 19. Nxd5 1-0

[Event "Helsingor Xtracon op"]
[Site "Helsingor"]
[Date "2018.07.23"]
[Round "4"]
[White "Nielsen, Jorgen Kamp"]
[Black "Smeby, Ole"]
[Result "1/2-1/2"]
[WhiteElo "1674"]
[BlackElo "1887"]
[PlyCount "69"]
[EventDate "2018.07.21"]
[EventType "swiss"]
[EventRounds "10"]
[EventCountry "DEN"]
[SourceTitle "CBM 185 Extra"]
[Source "ChessBase"]
[SourceDate "2018.07.29"]
[SourceVersion "1"]
[SourceVersionDate "2018.07.29"]
[SourceQuality "1"]

1. f4 e5 2. e4 d5 3. exd5 e4 4. Nc3 Nf6 5. Bb5+ Nbd7 6. Nge2 a6 7. Bxd7+ Bxd7 8. 0-0 Bc5+ 9. Kh1 Qe7 10. Ng3 0-0-0 11. d3 Bg4 12. Qe1 e3 13. h3 h5 14. Nge4 Nxe4 15. dxe4 e2 16. Rf2 Bxf2 17. Qxf2 Bd7 18. Qxe2 f6 19. Be3 g5 20. fxg5 fxg5 21. Bd4 Rh7 22. e5 g4 23. e6 Be8 24. Re1 gxh3 25. gxh3 Qh4 26. Qe3 Bg6 27. Rf1 Re8 28. Rf4 Qe7 29. Bc5 Qd8 30. Qf2 Rhh8 31. Rf6 Rhg8 32. Qf4 b6 33. d6 cxd6 34. Bxd6 Kb7 35. Nd5 1/2-1/2

[Event "Helsingor Xtracon op"]
[Site "Helsingor"]
[Date "2017.07.27"]
[Round "7"]
[White "Fransson, Pia"]
[Black "Nielsen, Jorgen Kamp"]
[Result "1-0"]
[WhiteElo "1482"]
[BlackElo "1751"]
[PlyCount "35"]
[EventDate "2017.07.22"]
[EventType "swiss"]
[EventRounds "10"]
[EventCountry "DEN"]
[SourceTitle "CBM 179 Extra"]
[Source "ChessBase"]
[SourceDate "2017.08.23"]
[SourceVersion "1"]
[SourceVersionDate "2017.08.23"]
[SourceQuality "1"]

1. d4 Nf6 2. c4 e5 3. dxe5 Ng4 4. Nf3 Bc5 5. e3 Nc6 6. h3 Ngxe5 7. Be2 0-0 8. 0-0 d6 9. Nc3 a5 10. b3 Nxf3+ 11. Bxf3 Ne5 12. Be2 Bd7 13. Bb2 Re8 14. Nd5 c6 15. Nf4 Qf6 16. Nd3 Qe7 17. Bxe5 dxe5 18. Nxc5 1-0

[Event "Helsingor Xtracon op"]
[Site "Helsingor"]
[Date "2017.07.22"]
[Round "1"]
[White "Nielsen, Jorgen Kamp"]
[Black "Taylor, Adam C"]
[Result "0-1"]
[WhiteElo "1751"]
[BlackElo "2265"]
[PlyCount "79"]
[EventDate "2017.07.22"]
[EventType "swiss"]
[EventRounds "10"]
[EventCountry "DEN"]
[SourceTitle "CBM 179 Extra"]
[Source "ChessBase"]
[SourceDate "2017.08.23"]
[SourceVersion "1"]
[SourceVersionDate "2017.08.23"]
[SourceQuality "1"]

1. d4 Nf6 2. Nf3 e6 3. e3 b6 4. Bd3 Bb7 5. Nbd2 c5 6. c3 Nc6 7. 0-0 d5 8. Re1 Be7 9. dxc5 Bxc5 10. h3 Ne7 11. Bc2 0-0 12. Qe2 Ng6 13. e4 Nf4 14. Qf1 a5 15. c4 dxe4 16. Bxe4 Bxe4 17. Nxe4 Nxe4 18. Rxe4 Nd3 19. Re2 Qf6 20. Bg5 Qf5 21. b3 e5 22. Be3 e4 23. Nd4 Qg6 24. Nb5 Rad8 25. Nc7 f5 26. Nd5 Rf7 27. Rd1 Bxe3 28. fxe3 Rd6 29. Red2 Qg3 30. Rxd3 exd3 31. Rxd3 Qe5 32. Qd1 Rfd7 33. Qf3 h6 34. Qd1 Kh8 35. Qd2 Rd8 36. Kh1 Kh7 37. Qf2 Re8 38. Qd2 Rg6 39. Qe2 Qe4 40. Rd4 0-1

[Event "Amager AMSF Gr3"]
[Site "Amager"]
[Date "2016.09.06"]
[Round "3"]
[White "Nielsen, Jorgen Kamp"]
[Black "Larsen, Hans Haagen"]
[Result "1-0"]
[WhiteElo "1680"]
[BlackElo "1691"]
[PlyCount "35"]
[EventDate "2016.08.16"]
[EventType "tourn"]
[EventRounds "7"]
[EventCountry "DEN"]
[SourceTitle "EXT 2023"]
[Source "ChessBase"]
[SourceDate "2022.10.05"]
[SourceVersion "1"]
[SourceVersionDate "2022.10.05"]
[SourceQuality "1"]

1. d4 d6 2. e4 g6 3. Bc4 Bg7 4. c3 Nc6 5. f4 e5 6. Nf3 Bd7 7. 0-0 exd4 8. cxd4 Nf6 9. e5 Nh5 10. Ng5 0-0 11. g4 Bxg4 12. Qxg4 Nxd4 13. Nc3 c5 14. f5 Bxe5 15. fxg6 hxg6 16. Nxf7 Qe7 17. Qxg6+ Bg7 18. Ng5+ 1-0

[Event "Helsingor Xtracon op"]
[Site "Helsingor"]
[Date "2016.07.27"]
[Round "6"]
[White "Meyer, Juergen"]
[Black "Nielsen, Jorgen Kamp"]
[Result "1/2-1/2"]
[WhiteElo "1925"]
[BlackElo "1727"]
[PlyCount "84"]
[EventDate "2016.07.23"]
[EventType "swiss"]
[EventRounds "10"]
[EventCountry "DEN"]
[SourceTitle "CBM 173 Extra"]
[Source "ChessBase"]
[SourceDate "2016.08.29"]
[SourceVersion "1"]
[SourceVersionDate "2016.08.29"]
[SourceQuality "1"]

1. e4 e6 2. d4 d5 3. Nc3 Nf6 4. Bg5 Bb4 5. e5 h6 6. exf6 hxg5 7. fxg7 Rg8 8. h4 gxh4 9. Qg4 Qf6 10. Rxh4 Qxg7 11. Qxg7 Rxg7 12. Rh8+ Kd7 13. 0-0-0 b6 14. f4 Nc6 15. Nf3 f6 16. f5 Bb7 17. Rh5 Ne7 18. fxe6+ Kxe6 19. g4 Bd6 20. Bh3 Bf4+ 21. Kb1 Bg5 22. Re1+ Kd6 23. Nxg5 fxg5 24. Re5 Rag8 25. Bg2 c6 26. b4 a6 27. Bf3 c5 28. bxc5+ bxc5 29. Re1 cxd4 30. Ne2 Nc6 31. Ng3 Bc8 32. Nf5+ Bxf5 33. gxf5 g4 34. Bg2 Re7 35. Rh6+ Kd7 36. Rxe7+ Nxe7 37. Rxa6 Nxf5 38. Bxd5 Rb8+ 39. Kc1 Ne3 40. Be4 Rg8 41. Ra4 g3 42. Rxd4+ Kc7 1/2-1/2

[Event "Amager Spring A"]
[Site "Amager"]
[Date "2015.05.12"]
[Round "3"]
[White "Nielsen, Jorgen Kamp"]
[Black "Petersen, Christian"]
[Result "1/2-1/2"]
[WhiteElo "1739"]
[BlackElo "1777"]
[PlyCount "154"]
[EventDate "2015.04.28"]
[EventType "tourn"]
[EventRounds "5"]
[EventCountry "DEN"]
[SourceTitle "EXT 2023"]
[Source "ChessBase"]
[SourceDate "2022.10.05"]
[SourceVersion "1"]
[SourceVersionDate "2022.10.05"]
[SourceQuality "1"]

1. d4 Nf6 2. Nf3 g6 3. e3 Bg7 4. Bd3 d6 5. 0-0 0-0 6. c4 Nbd7 7. Nc3 e5 8. Qc2 b6 9. Bd2 Bb7 10. d5 Nc5 11. b4 Nxd3 12. Qxd3 e4 13. Nxe4 Nxe4 14. Qxe4 Bxa1 15. Rxa1 Qf6 16. Rc1 Qb2 17. Rc2 Qb1+ 18. Ne1 Rae8 19. Qf3 Bc8 20. Qf6 Re5 21. Bc3 Bf5 22. f4 Bxc2 23. fxe5 dxe5 24. Qxe5 f6 25. Qxc7 Rf7 26. Qb8+ Kg7 27. Qf4 Bf5 28. g4 Bd7 29. g5 Bf5 30. gxf6+ Kg8 31. Qb8+ Rf8 32. Qxa7 Rxf6 33. Qe7 Rf7 34. Qe8+ Rf8 35. Qe5 Kf7 36. d6 Qe4 37. Qxe4 Bxe4 38. Bd4 Ke6 39. Bxb6 Ra8 40. Ba5 Kxd6 41. Kf2 Rf8+ 42. Ke2 g5 43. Bb6 Ra8 44. Ba5 h5 45. Nf3 Bxf3+ 46. Kxf3 Rf8+ 47. Kg2 Re8 48. Bb6 Re4 49. Bd4 Rg4+ 50. Kf3 Rg1 51. a4 Rb1 52. Bc5+ Kc6 53. Bd4 Rxb4 54. Bf6 g4+ 55. Kf4 Rxc4+ 56. Bd4 Rc2 57. Kg5 Rxh2 58. Be5 g3 59. Bxg3 Rg2 60. Kh4 Rg1 61. Bf4 Rh1+ 62. Kg3 Kb6 63. Kg2 Rh4 64. Kg3 Rg4+ 65. Kf3 Ka5 66. e4 Kxa4 67. e5 Kb5 68. Ke3 Kc6 69. Ke4 Kd7 70. Kf5 Ke8 71. Ke4 Ke7 72. Kf5 Rg2 73. Bg5+ Kf7 74. e6+ Kf8 75. e7+ Kf7 76. Bh4 Rh2 77. Kg5 Rxh4 1/2-1/2

[Event "Calvia Amateur op 9th"]
[Site "Calvia"]
[Date "2012.10.07"]
[Round "2"]
[White "Nielsen, Jorgen Kamp"]
[Black "Cerdo Fernandez, Miguel"]
[Result "0-1"]
[WhiteElo "1698"]
[BlackElo "1909"]
[PlyCount "58"]
[EventDate "2012.10.06"]
[EventType "swiss"]
[EventRounds "9"]
[EventCountry "ESP"]
[SourceTitle "EXT 2013"]
[Source "ChessBase"]
[SourceDate "2012.11.22"]
[SourceVersion "1"]
[SourceVersionDate "2012.11.22"]
[SourceQuality "1"]

1. e4 Nf6 2. e5 Nd5 3. d4 d6 4. c4 Nb6 5. Nf3 g6 6. Nc3 Bg7 7. Bf4 0-0 8. Be2 Nc6 9. 0-0 Bg4 10. exd6 cxd6 11. c5 dxc5 12. dxc5 Nd7 13. Na4 e5 14. Bg5 Qc7 15. Nd2 Bxe2 16. Qxe2 Nd4 17. Qc4 Rac8 18. Nc3 Qxc5 19. Qd3 Nb6 20. Nde4 Qb4 21. Nf6+ Kh8 22. Qh3 h5 23. Rab1 Ne6 24. Qg3 Rc4 25. a3 Qe7 26. b3 Rxc3 27. Qxc3 Nxg5 28. f4 exf4 29. Rxf4 Nh7 0-1

[Event "Rostock op"]
[Site "Rostock"]
[Date "2009.08.29"]
[Round "6"]
[White "Wolf, Christoph"]
[Black "Nielsen, Jorgen Kamp"]
[Result "1-0"]
[WhiteElo "1963"]
[BlackElo "1711"]
[PlyCount "67"]
[EventDate "2009.08.27"]
[EventType "swiss"]
[EventRounds "7"]
[EventCountry "GER"]
[SourceTitle "CBM 132 Extra"]
[Source "ChessBase"]
[SourceDate "2009.11.03"]
[SourceVersion "1"]
[SourceVersionDate "2009.11.03"]
[SourceQuality "1"]

1. e4 Nf6 2. Nc3 d5 3. exd5 Nxd5 4. Bc4 Nb6 5. Bb3 g6 6. d4 Nc6 7. d5 Na5 8. Qd4 e5 9. Qxe5+ Qe7 10. Bf4 Bg7 11. Qxe7+ Kxe7 12. Bxc7 Bxc3+ 13. bxc3 Nxb3 14. d6+ Kd7 15. cxb3 Nd5 16. Kd2 b6 17. Ne2 Nxc7 18. dxc7 Kxc7 19. g3 Re8 20. Nd4 Bd7 21. Rhe1 Rad8 22. Rxe8 Rxe8 23. Re1 Rxe1 24. Kxe1 Kd6 25. Kd2 a6 26. Ke3 Ke5 27. Nf3+ Kf6 28. Kd4 h6 29. Kd5 Ke7 30. Ne5 Be8 31. Nc6+ Kf6 32. Kd6 g5 33. Kc7 b5 34. Nd4 1-0

[Event "Valby K41 Spring-D"]
[Site "Valby"]
[Date "2007.05.08"]
[Round "6"]
[White "Eiholt, Bjarne"]
[Black "Nielsen, Jorgen Kamp"]
[Result "0-1"]
[WhiteElo "1327"]
[BlackElo "1321"]
[PlyCount "114"]
[EventDate "2007.03.13"]
[EventType "swiss"]
[EventRounds "7"]
[EventCountry "DEN"]
[SourceTitle "EXT 2023"]
[Source "ChessBase"]
[SourceDate "2022.10.05"]
[SourceVersion "1"]
[SourceVersionDate "2022.10.05"]
[SourceQuality "1"]

1. d4 Nf6 2. c4 e6 3. Nc3 c5 4. d5 exd5 5. cxd5 d6 6. Bg5 h6 7. Bh4 Be7 8. Nf3 a6 9. a4 0-0 10. e4 Bg4 11. Be2 Bxf3 12. Bxf3 Nxd5 13. Bxe7 Nxe7 14. 0-0 Nbc6 15. Be2 Nd4 16. Bc4 Rb8 17. a5 Nec6 18. Qa4 Ne5 19. Nd5 Kh8 20. f4 Nxc4 21. Qxc4 Nc6 22. Qc3 Ne7 23. Rad1 Rc8 24. Rf3 Nc6 25. Rg3 Nd4 26. Kh1 f6 27. Re1 Qe8 28. f5 Nb5 29. Qd2 Qe5 30. Nf4 Kg8 31. Ng6 Qd4 32. Qxd4 Nxd4 33. Nxf8 Kxf8 34. Rc3 Re8 35. Rcc1 Nb3 36. Rcd1 Ke7 37. Rd3 Nxa5 38. Red1 Rd8 39. Rd5 Nc4 40. R1d3 Ne5 41. Rb3 b5 42. Ra3 Ra8 43. Rd1 a5 44. Rda1 Nc4 45. R3a2 a4 46. b3 Nb6 47. bxa4 Nxa4 48. Kg1 Kd7 49. Kf2 Rc8 50. Ra3 Kc6 51. Ke3 Re8 52. Kf4 c4 53. g4 Nc5 54. Re3 b4 55. Rb1 Nd3+ 56. Kg3 Kb5 57. h4 Ra8 0-1